Best Soccer Player Every Age - Statistics

General Stats
  • This quiz has been taken 82 times
  • The average score is 12 of 18
Answer Stats
Hint Answer % Correct
17 Lamine Yamal RW Barcelona
100%
24 Erling Haaland ST Manchester City
89%
26 Kylian Mbappe ST Real Madrid
86%
22 Pedri CM Barcelona
83%
33 Virgil van Dijk CB Liverpool
81%
31 Harry Kane ST Bayern Munich
79%
32 Mohamed Salah RW Liverpool
79%
27 Ousmane Dembele RW PSG
79%
21 Jude Bellingham CAM Real Madrid
74%
18 Pau Cubarsi CB Barcelona
74%
23 William Saliba CB Arsenal
74%
30 Joshua Kimmich CM Bayern Munich
59%
34 Kyle Walker RB AC Milan
53%
19 Warren Zaïre-Emery CM PSG
53%
20 Rico Lewis RB Manchester City
51%
28 Raphina LW Barcelona
41%
29 Timo Werner ST Tottenham
13%
25 Kai Havertz CM Bayer Leverkusen
3%
No matching quizzes found
Score Distribution
Percent of People with Each Score
Percentile by Number Answered
Your Score History
You have not taken this quiz